| 000 | 00554nam a2200145Ia 4500 | ||
|---|---|---|---|
| 008 | 100122s9999 xx 000 0 und d | ||
| 082 |
_b54498 _a954.79 |
||
| 100 | _aसोवनी म वि | ||
| 245 | _aमहाराष्ट्राच्या कालमुद्रा | ||
| 260 |
_bनितीन प्रकाशन _c1983 |
||
| 300 | _a670 | ||
| 630 | _aमहाराष्ट्राच्या कालमुद्रा | ||
| 730 | _aमहाराष्ट्राच्या कालमुद्रा | ||
| 942 | _cBOOK | ||
| 999 |
_c431336 _d431333 |
||